000 00843nam a2200229 i 4500
003 DO-SdBNP
005 20250321135402.0
007 ta
008 250321e2000 dr 000 0 spa d
040 _aDO-SdBNP
_bspa
_cBNPHU
_erda
082 4 _a551.6
_bC733c, 2000
_222
110 _aComisión Nacional de Seguimiento a los Acuerdos de la Conferencia de las Naciones Unidas sobre Medio Ambiente y Desarrollo
_921563
245 1 0 _aConvención Marco de las Naciones Unidas sobre el cambio climático y su protocolo de Kioto /
264 1 _aSanto Domingo :
_b[Secretariado Técnico de la Presidencia,
_c2000.
300 _a80 páginas :
_c21 cm
336 _atexto
_btxt
_2rdaconten
337 _asin medición
_bn
_2rdamedia
338 _avolumen
_bnc
_2rdacarrier
590 _aInventariado, 2025/ YL
910 _aYLockward
942 _2ddc
_cLBS1
999 _c58525
_d58525